| 000 | 00391nam a22001337a 4500 | ||
|---|---|---|---|
| 008 | 250520b |||||||| |||| 00| 0 eng d | ||
| 020 | _a9783572340880 | ||
| 050 |
_aTA164 _b.E54 2018 |
||
| 245 |
_aEmerging Areas In Bioengineering. _cChang, Ho Nam |
||
| 260 |
_aGermany _bWILEY - VCH _c2018 |
||
| 300 |
_axxxiv, 372p: 25cm. _billustration |
||
| 650 |
_aBioengineering _vBiotechnology |
||
| 942 | _cBK | ||
| 999 |
_c3571 _d3571 |
||